| 000 | 00467nam a2200169Ia 4500 | ||
|---|---|---|---|
| 003 | OSt | ||
| 005 | 20210818110353.0 | ||
| 008 | 190216s9999||||xx |||||||||||||| ||und|| | ||
| 040 | _coclc | ||
| 082 |
_a492.7 _bHAM/J |
||
| 100 |
_aHameed, V P Abdul _94572 |
||
| 245 | 0 |
_aJournal Arabic / _cV P Abdul Hameed |
|
| 260 |
_bAl Huda Book Stall, _c1999. _aCalicut: |
||
| 300 | _a176p | ||
| 650 | _aArabic | ||
| 942 |
_cBK _2ddc _h492.7 _iHAM/J _k492.7 _mHAM/J |
||
| 999 |
_c553 _d553 |
||